=LDR 00000nam 2200000 4500 =001 INLIS000000000015733 =005 20200717095928 =035 ##$$a 0010-061300000015733 =008 200717################g##########0#ind## =041 ##$$a Ind =082 ##$$a 2x6.6 =090 ##$$a 2x6.6, day G =100 ##$$a Daya, Burhanuddin =245 1#$$a Gerakan Pembaharuan pemikiran islam : $b Kasus sumatra thawalib /$c Dr. Burhanuddin Daya =260 ##$$a Yogyakarta :$b Tiara Wacana Yogya,$c 1995 =300 ##$$a xxi, 397 hlm. ; $c 21 x 15 cm. =650 #4$$a Islam - Pembaharuan =850 ##$$a NBPNMAT =020 ##$$a 979-8120-22-1 =084 ##$$a 2x6.6 DAY g =250 ##$$a cet. 2 =500 ##$$a Indeks hlm. 393-397 =990 ##$$a 111.004/pro97 =990 ##$$a 111.005/pro97